
Library Catalogue

| 000 -LEADER | |
|---|---|
| fixed length control field | 00925cam a2200229 a 4500 |
| 001 - CONTROL NUMBER | |
| control field | 16796822 |
| 005 - DATE AND TIME OF LATEST TRANSACTION | |
| control field | 20260129050321.0 |
| 008 - FIXED-LENGTH DATA ELEMENTS--GENERAL INFORMATION | |
| fixed length control field | 110525s2011 enka b 001 0 eng d |
| 010 ## - LIBRARY OF CONGRESS CONTROL NUMBER | |
| LC control number | 2011282121 |
| 020 ## - INTERNATIONAL STANDARD BOOK NUMBER | |
| International Standard Book Number | 9780745649283 |
| Qualifying information | (pbk.) |
| 082 ## - DEWEY DECIMAL CLASSIFICATION NUMBER | |
| Classification number | 338.17498 DAU |
| 100 1# - MAIN ENTRY--PERSONAL NAME | |
| Personal name | Dauvergne, Peter |
| 245 10 - TITLE STATEMENT | |
| Title | Timber / |
| Statement of responsibility, etc. | Peter Dauvergne and Jane Lister. |
| 260 ## - PUBLICATION, DISTRIBUTION, ETC. | |
| Place of publication, distribution, etc. | Cambridge : |
| Name of publisher, distributor, etc. | Polity Press, |
| Date of publication, distribution, etc. | 2011. |
| 300 ## - PHYSICAL DESCRIPTION | |
| Extent | viii, 200 p. : |
| Other physical details | ill. ; |
| Dimensions | 21 cm. |
| 505 ## - FORMATTED CONTENTS NOTE | |
| Formatted contents note | 1 The Global Political Economy of Timber 2 The Power of Big Retail 3 The Northern Forest and Paper Multinationals 4 The Rise of the Third World 5 Consuming the South 6 Governing Timber Consumption Notes Selected Readings Index |
| 650 #0 - SUBJECT ADDED ENTRY--TOPICAL TERM | |
| Topical term or geographic name entry element | Lumber trade. |
| 650 #0 - SUBJECT ADDED ENTRY--TOPICAL TERM | |
| Topical term or geographic name entry element | Lumber trade |
| General subdivision | Environmental aspects. |
| 700 1# - ADDED ENTRY--PERSONAL NAME | |
| Personal name | Lister, Jane. |
| 856 41 - ELECTRONIC LOCATION AND ACCESS | |
| Materials specified | Table of contents |
| Uniform Resource Identifier | <a href="http://www.loc.gov/catdir/enhancements/fy1112/2011282121-t.html">http://www.loc.gov/catdir/enhancements/fy1112/2011282121-t.html</a> |
| 942 ## - ADDED ENTRY ELEMENTS (KOHA) | |
| Source of classification or shelving scheme | Dewey Decimal Classification |
| Koha item type | BOOKs |
| Withdrawn status | Lost status | Damaged status | Not for loan | Collection code | Home library | Current library | Shelving location | Date acquired | Total Checkouts | Full call number | Barcode | Date last seen | Price effective from | Koha item type |
|---|---|---|---|---|---|---|---|---|---|---|---|---|---|---|
| . | . | General Stacks | 05.11.2018 | 338.17498 DAU | 35356 | 05.11.2018 | 05.11.2018 | BOOKs |